[Event "WYCC 2018 O18"]
[Site "Halkidiki"]
[Date "2018.10.28"]
[Round "9"]
[White "Roshka, Yevgeniy"]
[Black "Lindbol, Aleksander"]
[Result "1-0"]
[WhiteElo "2328"]
[BlackElo "2166"]
[Annotator "NA"]
[PlyCount "143"]
[EventDate "2018.10.20"]
[EventType "swiss"]
[EventCountry "GRE"]
[SourceTitle "playchess.com"]
[Source "ChessBase"]
[SourceQuality "1"]
[TimeControl "40/5400+30:1800+30"]

1. e4 {[%emt 0:00:00]} c6 {[%emt 0:00:00]} 2. d4 {[%emt 0:00:28]} d5 {[%emt 0:00:00]} 3. e5 {[%emt 0:00:05]} Bf5 {[%emt 0:00:08]} 4. h4 {[%emt 0:00:03]} h5 {[%emt 0:00:23]} 5. Bd3 {[%emt 0:00:04]} Bxd3 {[%emt 0:00:48]} 6. Qxd3 {[%emt 0:00:02]} e6 {[%emt 0:00:35]} 7. Bg5 {[%emt 0:00:24]} Qb6 {[%emt 0:00:41]} 8. Nd2 {[%emt 0:00:19]} Nd7 {[%emt 0:03:35]} 9. Ne2 {[%emt 0:02:59]} Ne7 {[%emt 0:02:17]} 10. c4 {[%emt 0:20:17]} f6 {[%emt 0:11:15]} 11. exf6 {[%emt 0:01:29]} gxf6 {[%emt 0:00:09]} 12. Be3 {[%emt 0:00:56]} O-O-O {[%emt 0:22:35]} 13. Nf4 {[%emt 0:06:46]} e5 {[%emt 0:07:23]} 14. dxe5 {[%emt 0:00:04]} Nxe5 {[%emt 0:04:50]} 15. Bxb6 {[%emt 0:00:07]} Nxd3+ {[%emt 0:00:05]} 16. Nxd3 {[%emt 0:00:01]} axb6 $17 {[%emt 0:00:09]} 17. O-O-O {[%emt 0:04:42]} Bh6 {[%emt 0:03:06]} 18. cxd5 {[%emt 0:01:16]} Rxd5 {[%emt 0:08:06]} 19. Kc2 {[%emt 0:00:30]} Bxd2 {[%emt 0:09:18]} 20. Rxd2 {[%emt 0:00:20]} Rhd8 {[%emt 0:00:37]} 21. Rhd1 {[%emt 0:00:53]} Nf5 {[%emt 0:01:09]} 22. Nf4 {[%emt 0:04:00]} Rc5+ {[%emt 0:04:28]} 23. Kb1 {[%emt 0:00:45]} Rxd2 {[%emt 0:01:00]} 24. Rxd2 {[%emt 0:00:02]} Re5 {[%emt 0:00:47]} 25. g3 {[%emt 0:04:21]} c5 {[%emt 0:00:41]} 26. Re2 {[%emt 0:01:05]} Ng7 {[%emt 0:02:09]} 27. Rxe5 {[%emt 0:05:42]} fxe5 {[%emt 0:00:06]} 28. Ng6 {[%emt 0:09:28]} e4 {[%emt 0:02:44]} 29. Ne7+ {[%emt 0:00:24]} Kd7 {[%emt 0:06:04]} 30. Nd5 {[%emt 0:00:04]} Ke6 {[%emt 0:01:12]} 31. Nxb6 {[%emt 0:00:27]} Nf5 {[%emt 0:01:18]} 32. Nc4 {[%emt 0:15:41]} b5 {[%emt 0:00:35]} 33. Na3 {[%emt 0:02:49]} e3 {[%emt 0:01:42]} 34. fxe3 {[%emt 0:00:01]} b4 {[%emt 0:01:27]} 35. Nc2 {[%emt 0:00:45]} Nxg3 {[%emt 0:00:14]} 36. Ne1 {[%emt 0:00:10]} Nf5 {[%emt 0:01:41]} 37. Ng2 {[%emt 0:00:00]} Ke5 {[%emt 0:00:16]} 38. a4 {[%emt 0:03:12]} bxa3 {[%emt 0:02:36]} 39. bxa3 {[%emt 0:00:01]} Ke4 {[%emt 0:00:24]} 40. a4 {[%emt 0:00:00]} Nxe3 {[%emt 0:00:00]} 41. Nxe3 {[%emt 0:02:20]} Kxe3 {[%emt 0:01:54]} 42. a5 {[%emt 0:00:32]} Kd2 {[%emt 0:00:23]} 43. a6 {[%emt 0:00:19]} c4 {[%emt 0:00:05]} 44. a7 {[%emt 0:00:02]} c3 {[%emt 0:00:05]} 45. a8=Q {[%emt 0:00:03]} c2+ {[%emt 0:00:04]} 46. Ka2 {[%emt 0:00:02]} c1=Q {[%emt 0:00:09]} 47. Qd5+ {[%emt 0:00:19]} Kc3 {[%emt 0:01:09]} 48. Qc5+ {[%emt 0:00:18]} Kd2 {[%emt 0:00:32]} 49. Qxh5 {[%emt 0:02:03]} Qc4+ {[%emt 0:15:38]} 50. Ka3 {[%emt 0:00:02]} Ke1 {[%emt 0:01:14]} 51. Qe5+ {[%emt 0:01:46]} Kf2 {[%emt 0:00:09]} 52. h5 {[%emt 0:00:08]} Kg1 {[%emt 0:00:17]} 53. Qg5+ {[%emt 0:01:39]} Kh1 {[%emt 0:00:11]} 54. h6 {[%emt 0:00:55]} Qc3+ {[%emt 0:00:29]} 55. Ka4 {[%emt 0:00:09]} Qc4+ {[%emt 0:00:09]} 56. Ka5 {[%emt 0:00:03]} Qc7+ {[%emt 0:00:17]} 57. Kb5 {[%emt 0:00:21]} Qb7+ {[%emt 0:00:14]} 58. Kc4 {[%emt 0:00:59]} Qc7+ {[%emt 0:00:38]} 59. Kd3 {[%emt 0:00:31]} Qd6+ {[%emt 0:00:42]} 60. Ke2 {[%emt 0:02:55]} Qa6+ {[%emt 0:02:32]} 61. Kf2 {[%emt 0:00:32]} Qa2+ {[%emt 0:01:40]} 62. Kf3 {[%emt 0:00:10]} Qb3+ {[%emt 0:01:16]} 63. Qe3 {[%emt 0:00:12]} Qf7+ {[%emt 0:00:35]} 64. Ke2 {[%emt 0:04:06]} Qa2+ {[%emt 0:01:18]} 65. Ke1 {[%emt 0:02:01]} Qb1+ {[%emt 0:00:54]} 66. Kd2 {[%emt 0:04:07]} Qb2+ {[%emt 0:00:34]} 67. Kd1 {[%emt 0:00:27]} Qb1+ {[%emt 0:01:55]} 68. Qc1 {[%emt 0:00:29]} Qe4 {[%emt 0:00:21]} 69. Kd2+ {[%emt 0:01:22]} Kg2 {[%emt 0:00:06]} 70. Qc2 {[%emt 0:00:35]} Qd4+ {[%emt 0:01:56]} 71. Kc1+ {[%emt 0:01:00]} Kh3 {[%emt 0:00:32]} 72. h7 {[%emt 0:00:08]} 1-0

[Event "WYCC 2018 O18"]
[Site "Halkidiki"]
[Date "2018.10.28"]
[Round "9"]
[White "Pantzar, Milton"]
[Black "Fawzy, Adham"]
[Result "1-0"]
[WhiteElo "2326"]
[BlackElo "2439"]
[Annotator "TA"]
[PlyCount "69"]
[EventDate "2018.10.20"]
[EventType "swiss"]
[EventCountry "GRE"]
[SourceTitle "playchess.com"]
[Source "ChessBase"]
[SourceQuality "1"]

{[%evp 11,69,32,83,41,60,74,68,63,80,81,81,67,82,60,56,16,14,-42,38,13,9,15,34,8,7,0,0,-39,-29,-61,-22,-16,-21,-17,-26,-15,0,0,0,0,16,0,0,0,0,0,53,45,46,45,46,46,53,65,5018,4831,4822,4814,4814,4790]} 1. d4 Nf6 2. c4 e6 3. Nc3 Bb4 4. g3 c5 5. Nf3 Bxc3+ 6. bxc3 d6 {LiveBook: 4 Games. E20: Nimzo-Indian: 4 g3 and 4 f3} (6... Nc6 $14) (6... Qa5 7. Bd2 b6 8. Bg2 Bb7 9. O-O O-O 10. d5 Qa6 11. Re1 Ne4 12. Qb3 d6 13. Ng5 Nxg5 14. Bxg5 {1-0 (34) Edouard,R (2639)-Idani,P (2560) Guilan 2016 CBM 174 [Edouard,R]}) 7. Bg2 Nc6 8. dxc5 $146 ({Predecessor:} 8. O-O O-O 9. Bf4 h6 10. dxc5 e5 11. Be3 Ng4 12. cxd6 Nxe3 13. fxe3 Be6 14. Nh4 Na5 15. c5 Rc8 16. Bd5 Qd7 17. Bxe6 Qxe6 {½-½ (42) Babujian,L (2456)-Karthik,V (2525) Ahmedabad 2018}) 8... dxc5 {White is better.} 9. Qxd8+ Nxd8 10. Ne5 Nd7 11. Nd3 Nc6 12. Be3 (12. Rb1 {is interesting.} O-O 13. Be3 Na5 14. Bxc5 Nxc5 15. Nxc5 Nxc4 16. Rb4) 12... Na5 13. Nxc5 {Hoping for Na6.} (13. O-O {is more complex.} Nxc4 14. Bxc5 Nxc5 15. Nxc5 Rb8 16. Rfd1) 13... Nxc4 14. Nxb7 (14. Nxd7 $11 Nxe3 15. fxe3 Kxd7 16. O-O) 14... Nxe3 (14... Rb8 $15 15. Rb1 Bxb7 16. Rxb7 Rxb7 17. Bxb7 Nxe3 18. fxe3 Ke7) 15. fxe3 {[#] Black must now prevent Nd6+.} (15. Nd6+ {is interesting.} Ke7 16. Bxa8 Nc2+ 17. Kd2 Nxa1 18. Nxc8+ Rxc8 19. Bf3) 15... Bxb7 16. Bxb7 Rd8 17. O-O-O Ke7 18. Rd4 Rb8 19. Bf3 Rhc8 20. Kc2 Ne5 21. Ra4 Rc7 22. Rb1 Rxb1 23. Kxb1 Rxc3 24. Rxa7+ $11 {[%mdl 4096] Endgame KRB-KRN} Kf6 25. Ra4 Nc4 26. Rb4 Ke5 27. a4 {[%cal Ba2a4,Ba4a5,Ba5a6][%mdl 32] Threatening a5!} Kd6 $1 28. Rb7 Ne5 (28... Kc5 $11) 29. Kb2 $14 Rxe3 30. a5 Nxf3 31. exf3 Rxf3 32. a6 Kc6 $2 {[%mdl 8192] [#]} (32... Rf5 $14) 33. Rb8 $1 $18 {White is clearly winning.} Rf2+ 34. Kb3 Rf3+ 35. Kb4 {Precision: White = 47%, Black = 35%.} 1-0

[Event "WYCC 2018 O18"]
[Site "Halkidiki"]
[Date "2018.10.28"]
[Round "9"]
[White "Szabo, Marton Mihaly"]
[Black "Gonzalez Carrillo, Javier Omar"]
[Result "1/2-1/2"]
[WhiteElo "2307"]
[BlackElo "2031"]
[Annotator "NA"]
[PlyCount "80"]
[EventDate "2018.10.20"]
[EventType "swiss"]
[EventCountry "GRE"]
[SourceTitle "playchess.com"]
[Source "ChessBase"]
[SourceQuality "1"]
[TimeControl "40/5400+30:1800+30"]

1. e4 {[%emt 0:00:00]} c5 {[%emt 0:00:00]} 2. c4 {[%emt 0:00:26]} Nc6 {[%emt 0:01:55]} 3. Nc3 {[%emt 0:00:11]} g6 {[%emt 0:00:06]} 4. g3 {[%emt 0:00:07]} Bg7 {[%emt 0:00:11]} 5. Bg2 {[%emt 0:00:07]} e6 {[%emt 0:00:32]} 6. Nge2 {[%emt 0:00:05]} Nge7 {[%emt 0:00:06]} 7. O-O {[%emt 0:00:11]} O-O {[%emt 0:01:15]} 8. d3 {[%emt 0:00:04]} d6 {[%emt 0:02:10]} 9. Rb1 {[%emt 0:00:13]} Qd7 {[%emt 0:00:26]} 10. a3 {[%emt 0:00:58]} b6 {[%emt 0:00:08]} 11. Be3 {[%emt 0:01:53]} Bb7 {[%emt 0:15:00]} 12. b4 {[%emt 0:06:34]} Nd4 {[%emt 0:02:04]} 13. Qd2 {[%emt 0:01:09]} f5 {[%emt 0:07:22]} 14. f4 {[%emt 0:04:00]} e5 {[%emt 0:12:43]} 15. h3 {[%emt 0:21:20]} Rae8 {[%emt 0:13:19]} 16. Kh2 {[%emt 0:03:43]} fxe4 {[%emt 0:11:10]} 17. dxe4 {[%emt 0:01:48]} Nec6 {[%emt 0:02:18]} 18. Nd5 {[%emt 0:30:02]} Nxe2 {[%emt 0:00:52]} 19. Qxe2 {[%emt 0:00:06]} Nd4 {[%emt 0:01:02]} 20. Bxd4 {[%emt 0:00:46]} cxd4 21. fxe5 {[%emt 0:04:02]} Bxd5 {[%emt 0:01:18]} 22. cxd5 {[%emt 0:01:11]} Bxe5 {[%emt 0:01:15]} 23. Rbc1 {[%emt 0:06:55]} h5 {[%emt 0:13:10]} 24. h4 {[%emt 0:00:22]} Qe7 {[%emt 0:00:08]} 25. Kh3 {[%emt 0:00:11]} Rc8 {[%emt 0:02:56]} 26. Rxf8+ {[%emt 0:02:27]} Qxf8 {[%emt 0:00:30]} 27. Rf1 {[%emt 0:02:38]} Qe7 {[%emt 0:00:09]} 28. Qb5 {[%emt 0:00:31]} Rc3 {[%emt 0:05:13]} 29. Rf3 {[%emt 0:00:26]} Kg7 {[%emt 0:00:34]} 30. a4 {[%emt 0:02:25]} Kh6 {[%emt 0:00:32]} 31. Qf1 {[%emt 0:05:56]} Qd7+ {[%emt 0:01:21]} 32. Kh2 {[%emt 0:00:17]} Qg4 {[%emt 0:00:21]} 33. Rxc3 {[%emt 0:02:29]} dxc3 {[%emt 0:00:51]} 34. Qf8+ {[%emt 0:00:24]} Bg7 {[%emt 0:02:15]} 35. Qf1 {[%emt 0:01:11]} Qc8 {[%emt 0:02:51]} 36. Bh3 {[%emt 0:00:49]} Qc7 {[%emt 0:00:50]} 37. Qc1+ {[%emt 0:00:14]} Kh7 {[%emt 0:00:10]} 38. Bf1 {[%emt 0:00:04]} Be5 {[%emt 0:01:09]} 39. Bd3 {[%emt 0:00:25]} Qf7 {[%emt 0:00:33]} 40. Kg2 {[%emt 0:00:00]} Qf6 {[%emt 0:00:00]} 1/2-1/2

[Event "WYCC 2018 O18"]
[Site "Halkidiki"]
[Date "2018.10.28"]
[Round "9"]
[White "Risting, Eivind Olav"]
[Black "Bronstein, Or"]
[Result "1/2-1/2"]
[WhiteElo "2299"]
[BlackElo "2385"]
[Annotator "NA"]
[PlyCount "103"]
[EventDate "2018.10.20"]
[EventType "swiss"]
[EventCountry "GRE"]
[SourceTitle "playchess.com"]
[Source "ChessBase"]
[SourceQuality "1"]
[TimeControl "40/5400+30:1800+30"]

1. d4 {[%emt 0:00:00]} Nf6 {[%emt 0:00:00]} 2. c4 {[%emt 0:00:00]} g6 {[%emt 0:00:00]} 3. Nc3 {[%emt 0:00:00]} d5 {[%emt 0:00:00]} 4. cxd5 {[%emt 0:00:38]} Nxd5 {[%emt 0:00:00]} 5. e4 {[%emt 0:00:09]} Nxc3 {[%emt 0:00:00]} 6. bxc3 {[%emt 0:00:05]} Bg7 {[%emt 0:00:00]} 7. Bg5 {[%emt 0:00:51]} c5 {[%emt 0:00:45]} 8. Rc1 {[%emt 0:01:35]} O-O {[%emt 0:00:55]} 9. Nf3 {[%emt 0:03:06]} b6 {[%emt 0:36:01]} 10. Be2 {[%emt 0:05:22]} Qd7 {[%emt 0:05:27]} 11. O-O {[%emt 0:10:17]} Ba6 $14 {[%emt 0:00:32]} 12. d5 {[%emt 0:03:23]} Bxe2 {[%emt 0:00:42]} 13. Qxe2 {[%emt 0:00:13]} e6 {[%emt 0:00:20]} 14. c4 {[%emt 0:05:53]} Re8 {[%emt 0:04:41]} 15. Qd2 {[%emt 0:14:17]} exd5 {[%emt 0:03:18]} 16. exd5 {[%emt 0:00:22]} Qf5 {[%emt 0:01:28]} 17. Rfe1 {[%emt 0:01:34]} Nd7 {[%emt 0:00:31]} 18. Qf4 {[%emt 0:17:55]} Qxf4 {[%emt 0:07:42]} 19. Bxf4 {[%emt 0:00:06]} Bb2 {[%emt 0:00:06]} 20. Rc2 {[%emt 0:12:15]} Rxe1+ {[%emt 0:02:19]} 21. Nxe1 {[%emt 0:00:02]} Re8 {[%emt 0:10:34]} 22. Kf1 {[%emt 0:00:08]} Bd4 {[%emt 0:06:52]} 23. Re2 {[%emt 0:01:48]} Rxe2 {[%emt 0:00:07]} 24. Kxe2 {[%emt 0:00:02]} Be5 {[%emt 0:00:33]} 25. Kf3 {[%emt 0:03:20]} Kf8 {[%emt 0:00:38]} 26. Nd3 {[%emt 0:00:32]} Bxf4 {[%emt 0:00:06]} 27. Kxf4 {[%emt 0:00:12]} f6 {[%emt 0:06:55]} 28. g4 {[%emt 0:00:51]} Ke7 {[%emt 0:00:11]} 29. g5 {[%emt 0:08:44]} a6 {[%emt 0:00:30]} 30. a4 {[%emt 0:00:13]} Kd6 {[%emt 0:04:14]} 31. gxf6 {[%emt 0:01:22]} Nxf6 {[%emt 0:00:38]} 32. Kg5 {[%emt 0:01:49]} Ng8 {[%emt 0:04:40]} 33. f4 {[%emt 0:02:44]} Ne7 {[%emt 0:01:14]} 34. Kh6 {[%emt 0:01:19]} b5 {[%emt 0:00:06]} 35. axb5 {[%emt 0:01:15]} axb5 {[%emt 0:00:01]} 36. cxb5 {[%emt 0:00:34]} c4 {[%emt 0:02:29]} 37. b6 {[%emt 0:02:53]} Nxd5 {[%emt 0:00:27]} 38. b7 {[%emt 0:00:23]} Kc7 {[%emt 0:00:06]} 39. Nc1 {[%emt 0:00:28]} Nxf4 {[%emt 0:01:07]} 40. Kxh7 {[%emt 0:00:00]} Kxb7 {[%emt 0:00:00]} 41. Kh6 {[%emt 0:00:51]} Kc6 {[%emt 0:03:13]} 42. Kg5 {[%emt 0:00:26]} Nd3 {[%emt 0:00:17]} 43. Ne2 {[%emt 0:01:12]} Ne5 {[%emt 0:00:35]} 44. Kf6 {[%emt 0:02:23]} Kd5 {[%emt 0:07:20]} 45. Nc3+ {[%emt 0:00:51]} Kd4 {[%emt 0:00:02]} 46. Nb5+ {[%emt 0:00:32]} Kc5 {[%emt 0:00:07]} 47. Na3 {[%emt 0:01:44]} Ng4+ {[%emt 0:00:36]} 48. Kg5 {[%emt 0:00:41]} Ne5 {[%emt 0:00:28]} 49. Nxc4 {[%emt 0:01:19]} Kxc4 {[%emt 0:00:06]} 50. h4 {[%emt 0:00:05]} Kd5 {[%emt 0:00:20]} 51. h5 {[%emt 0:00:06]} gxh5 {[%emt 0:00:06]} 52. Kxh5 {[%emt 0:00:05]} 1/2-1/2

[Event "WYCC 2018 O18"]
[Site "Halkidiki"]
[Date "2018.10.28"]
[Round "9"]
[White "Kandil, Adham"]
[Black "Dallemagne, Maximilien"]
[Result "1-0"]
[WhiteElo "2292"]
[BlackElo "2094"]
[Annotator "NA"]
[PlyCount "101"]
[EventDate "2018.10.20"]
[EventType "swiss"]
[EventCountry "GRE"]
[SourceTitle "playchess.com"]
[Source "ChessBase"]
[SourceQuality "1"]
[TimeControl "40/5400+30:1800+30"]

1. e4 {[%emt 0:01:46] Kritz,L} e6 {[%emt 0:00:00]} 2. d4 {[%emt 0:00:15]} d5 {[%emt 0:00:00]} 3. Nc3 {[%emt 0:00:17]} Bb4 {[%emt 0:00:00]} 4. e5 {[%emt 0:00:08]} c5 {[%emt 0:00:00]} 5. a3 {[%emt 0:00:10]} Bxc3+ {[%emt 0:00:00]} 6. bxc3 {[%emt 0:00:07]} Qa5 {[%emt 0:00:07]} 7. Bd2 {[%emt 0:00:21]} Qa4 {[%emt 0:00:08]} 8. Qg4 {[%emt 0:00:31]} Kf8 {[%emt 0:00:01]} 9. Qd1 {[%emt 0:00:08] C18: French: 3 Nc3 Bb4: Main line: 7 h4 and 7 Qg4} Nc6 {[%emt 0:03:18]} 10. Nf3 {[%emt 0:00:33]} Nge7 {[%emt 0:01:06]} 11. Qb1 {[%emt 0:00:42]} c4 {[%emt 0:02:36]} 12. Qc1 $146 {[%emt 0:01:24]} ({Predecessor:} 12. g3 h6 13. Nh4 Ke8 14. Bh3 Rg8 15. Qd1 Ng6 16. Ng2 Nce7 {½-½ (43) Nisipeanu,L (2668)-Ivanchuk,V (2763) Bucharest 2012 CBM 152 [Kritz,L]}) 12... Bd7 {[%emt 0:04:12]} 13. h4 {[%emt 0:00:17]} Ke8 {[%emt 0:28:11]} 14. h5 {[%emt 0:00:35]} h6 {[%emt 0:00:28]} 15. g3 {[%emt 0:02:33]} Kd8 {[%emt 0:00:44]} 16. Bh3 {[%emt 0:00:55]} Kc7 {[%emt 0:02:04]} 17. Nh4 {[%emt 0:00:43]} Rag8 {[%emt 0:05:23]} 18. Ng2 {[%emt 0:01:41]} Qa5 {[%emt 0:04:37]} 19. Nf4 $11 {[%emt 0:02:04]} Kb8 {[%emt 0:04:02]} 20. a4 {[%emt 0:02:21]} Qd8 {[%emt 0:06:04]} 21. Be3 {[%emt 0:01:01]} Nc8 {[%emt 0:05:27]} 22. Kd2 {[%emt 0:01:25]} Qe7 {[%emt 0:04:57]} 23. Qb2 {[%emt 0:01:32]} g5 {[%emt 0:03:58]} 24. hxg6 {[%emt 0:03:22]} fxg6 {[%emt 0:00:48]} 25. Rhb1 {[%emt 0:07:48]} Nd8 {[%emt 0:00:41]} 26. Qb4 {[%emt 0:01:44]} Kc7 {[%emt 0:02:32]} 27. Bg2 {[%emt 0:09:18]} Bc6 {[%emt 0:03:16]} 28. Re1 {[%emt 0:02:23]} h5 {[%emt 0:00:28]} 29. Bh3 {[%emt 0:05:02]} Bd7 {[%emt 0:00:12]} 30. Nxd5+ {[%emt 0:01:06]} exd5 {[%emt 0:00:34]} 31. e6 {[%emt 0:01:01]} Bc6 {[%emt 0:04:33]} 32. Bf4+ {[%emt 0:01:33]} Nd6 {[%emt 0:00:01]} 33. Qa5+ {[%emt 0:00:20]} Kb8 {[%emt 0:02:05]} 34. Qc5 {[%emt 0:00:07]} Kc7 {[%emt 0:00:44]} 35. Qa5+ {[%emt 0:08:32]} Kb8 {[%emt 0:00:06]} 36. Qb4 {[%emt 0:00:33]} Kc7 {[%emt 0:00:07]} 37. Be5 {[%emt 0:00:44]} g5 {[%emt 0:05:42]} 38. f4 {[%emt 0:03:36]} g4 {[%emt 0:04:21]} 39. Qa5+ {[%emt 0:00:16]} Kb8 {[%emt 0:00:33]} 40. Qc5 {[%emt 0:00:00]} Kc7 {[%emt 0:00:00]} 41. f5 {[%emt 0:01:25]} b6 {[%emt 0:10:03]} 42. Qb4 {[%emt 0:06:23]} gxh3 {[%emt 0:02:57]} 43. a5 {[%emt 0:00:09]} N8b7 {[%emt 0:07:51]} 44. axb6+ {[%emt 0:01:44]} axb6 {[%emt 0:00:03]} 45. Ra6 {[%emt 0:01:32]} b5 {[%emt 0:06:57]} 46. f6 {[%emt 0:01:15]} Qh7 {[%emt 0:05:32]} 47. Ra7 {[%emt 0:01:37]} Qh6+ {[%emt 0:03:30]} 48. Ke2 {[%emt 0:00:37]} Kc8 {[%emt 0:01:29]} 49. Ra8+ {[%emt 0:00:35]} Kc7 {[%emt 0:00:08]} 50. Bxd6+ {[%emt 0:00:03]} Nxd6 {[%emt 0:00:35]} 51. Qa5+ {[%emt 0:00:04]} 1-0

[Event "WYCC 2018 O18"]
[Site "Halkidiki"]
[Date "2018.10.28"]
[Round "9"]
[White "Martinez Fernandez, Adrian"]
[Black "Talmaci, Alexandru"]
[Result "1-0"]
[WhiteElo "2277"]
[BlackElo "2009"]
[Annotator "NA"]
[PlyCount "67"]
[EventDate "2018.10.20"]
[EventType "swiss"]
[EventCountry "GRE"]
[SourceTitle "playchess.com"]
[Source "ChessBase"]
[SourceQuality "1"]
[TimeControl "40/5400+30:1800+30"]

1. e4 {[%emt 0:00:00]} e6 {[%emt 0:00:00]} 2. d4 {[%emt 0:00:00]} d5 {[%emt 0:00:00]} 3. Nd2 {[%emt 0:00:00]} Nf6 {[%emt 0:00:02]} 4. e5 {[%emt 0:00:00]} Nfd7 {[%emt 0:00:04]} 5. Bd3 {[%emt 0:00:00]} c5 {[%emt 0:00:05]} 6. c3 {[%emt 0:00:01]} Nc6 {[%emt 0:00:19]} 7. Ngf3 {[%emt 0:00:06]} Qb6 {[%emt 0:06:51]} 8. O-O {[%emt 0:01:05]} cxd4 {[%emt 0:03:06]} 9. cxd4 {[%emt 0:00:06]} Nxd4 {[%emt 0:02:50]} 10. Nxd4 {[%emt 0:00:05]} Qxd4 {[%emt 0:00:03]} 11. Nf3 {[%emt 0:00:08]} Qb6 {[%emt 0:05:53]} 12. Qa4 {[%emt 0:02:32]} Qb4 {[%emt 0:10:53]} 13. Qc2 {[%emt 0:00:07]} Qc5 {[%emt 0:13:12]} 14. Qe2 $11 {[%emt 0:05:44]} Be7 {[%emt 0:10:06]} 15. Be3 {[%emt 0:06:24]} Qa5 {[%emt 0:02:41]} 16. a3 {[%emt 0:15:23]} Qd8 {[%emt 0:07:07]} 17. Qc2 {[%emt 0:05:08]} h6 {[%emt 0:02:20]} 18. Qa4 {[%emt 0:04:24]} g5 {[%emt 0:13:16]} 19. Rac1 {[%emt 0:04:37]} Kf8 {[%emt 0:01:39]} 20. Bd4 {[%emt 0:07:48]} Kg7 {[%emt 0:04:44]} 21. Nd2 {[%emt 0:03:16]} Nf8 {[%emt 0:02:02]} 22. f4 {[%emt 0:02:11]} gxf4 {[%emt 0:00:25]} 23. Rxf4 {[%emt 0:00:15]} Ng6 {[%emt 0:00:51]} 24. Rf2 {[%emt 0:05:16]} Bd7 {[%emt 0:00:45]} 25. Qb3 {[%emt 0:00:01]} b6 {[%emt 0:00:35]} 26. Rcf1 {[%emt 0:00:02]} Be8 {[%emt 0:01:07]} 27. Qd1 {[%emt 0:10:37]} Rc8 {[%emt 0:02:13]} 28. g3 {[%emt 0:04:41]} Bc5 {[%emt 0:02:37]} 29. Bxc5 {[%emt 0:00:13]} Rxc5 {[%emt 0:00:41]} 30. Bxg6 {[%emt 0:00:23]} fxg6 {[%emt 0:00:18]} 31. Qg4 {[%emt 0:00:07]} Qc8 {[%emt 0:03:27]} 32. Nb3 {[%emt 0:06:34]} Rc4 {[%emt 0:01:26]} 33. Nd4 {[%emt 0:01:44]} Kh7 {[%emt 0:01:22]} 34. Rf7+ {[%emt 0:01:31]} 1-0

[Event "WYCC 2018 O18"]
[Site "Halkidiki"]
[Date "2018.10.28"]
[Round "9"]
[White "Alexiadis, Hristos"]
[Black "Abdusattorov, Nodirbek"]
[Result "1-0"]
[WhiteElo "2263"]
[BlackElo "2558"]
[Annotator "TA"]
[PlyCount "109"]
[EventDate "2018.10.20"]
[EventType "swiss"]
[EventCountry "GRE"]
[SourceTitle "playchess.com"]
[Source "ChessBase"]
[SourceQuality "1"]

{[%evp 13,109,11,40,35,83,76,95,31,33,32,54,46,62,53,41,43,106,110,116,79,79,57,117,109,135,66,55,20,20,20,20,0,20,13,23,14,12,0,16,13,33,22,41,26,24,0,0,0,0,0,27,0,66,75,151,122,124,148,152,138,156,137,144,133,167,164,204,173,482,500,514,506,532,535,535,506,504,493,495,484,479,454,738,448,439,404,914,914,852,791,1918,1775,29958,29964,29963,29955,29984,29983]} 1. e4 c5 2. Nf3 d6 3. Bb5+ Nd7 4. d4 Ngf6 5. O-O cxd4 6. Qxd4 {B51: Sizilianisch (Rossolimo-Variante)} a6 7. Bxd7+ (7. Be2 g6 8. c4 Bg7 9. Nc3 O-O 10. Qe3 b6 11. Rd1 Bb7 12. Ng5 Qc7 13. f3 Rac8 {0-1 (62) Nakamura,H (2777)-Vachier Lagrave,M (2779) Saint Louis 2018}) 7... Qxd7 {LiveBook: 3 Partien} 8. Bg5 {Weiß steht etwas besser.} h6 $146 ({Vorgänger:} 8... e5 9. Qd3 Qc7 10. Nc3 Be6 11. Rfd1 Rc8 12. Rac1 Nd7 13. Nd5 Qc4 14. Qxc4 Rxc4 {½-½ (78) Zimmermann,F (2240)-Abel,L (2305) Wiesbaden 1990}) 9. Bxf6 $1 gxf6 10. Kh1 ({Besser ist} 10. Nc3 $16) 10... Rg8 $14 11. Qe3 b5 12. Nc3 Bb7 13. Nd5 Rc8 14. h3 {Und weiter mit Sb6 wäre nett.} Qd8 (14... Rc5 $14) 15. a4 $16 b4 16. Rad1 Rc5 17. Rfe1 f5 (17... e6 $14) 18. c4 $1 fxe4 {...Lxd5 ist eine echte Drohung.} 19. Qxe4 (19. Nd2 $1 $16 {[%cal Rd2e4]} Bxd5 20. cxd5) 19... Rg6 $1 $14 20. Nf6+ (20. b3 {keeps more tension.} Re6 21. Nf6+ Rxf6 22. Qxb7 Qc8 23. Qe4) 20... Rxf6 21. Qxb7 Qc8 22. Qxc8+ Rxc8 23. b3 e6 24. Kg1 Rf5 25. Nd4 Rfc5 26. Ne2 Kd7 27. Nf4 Rg5 28. Nd3 Be7 29. f4 ({Bitte nicht} 29. Nxb4 Rb8 $15) 29... Rg3 30. Ne5+ Ke8 31. Nf3 $36 {[%mdl 2048] Weiss hat Druck.} Rg6 32. Kf2 Rc5 (32... d5 $11) 33. g4 f5 (33... Rg8 $142) 34. g5 $1 $16 hxg5 35. fxg5 ({Natürlich nicht} 35. Nxg5 $6 e5 $11) 35... e5 36. h4 Rg8 37. Rd5 $1 {[%cal Rd5c5]} Rxd5 38. cxd5 {[%mdl 4096] Endspiel KTL-KTS} Kf7 {[#]} 39. Rc1 $1 Kg6 40. Rc7 Bd8 $2 (40... Re8 41. Ra7 Kh5) 41. Rc6 $18 e4 42. Rxd6+ Kh5 43. Rh6+ Kg4 44. Ne5+ Kh3 45. Ke3 Kg3 46. Rxa6 Kxh4 47. Kf4 {[%cal Ra6h6]} Bxg5+ 48. Kxf5 e3 49. Nf3+ Kg3 (49... Kh5 $142 50. Nd4 Rf8+ 51. Ke4 Kg4) 50. Nxg5 Rf8+ {[#]} 51. Kg6 $1 ({Jedoch nicht} 51. Ke5 $2 e2 $19) 51... Re8 52. Re6 Rxe6+ 53. dxe6 {Weiß setzt Matt.} e2 54. Ne4+ Kf4 55. Nf2 {Precision: Weiß = 63%, Schwarz = 44%.} 1-0

[Event "WYCC 2018 O18"]
[Site "Halkidiki"]
[Date "2018.10.28"]
[Round "9"]
[White "Ozates, Tuna"]
[Black "Pobor, Danilo"]
[Result "1-0"]
[WhiteElo "2225"]
[BlackElo "1934"]
[Annotator "TA"]
[PlyCount "39"]
[EventDate "2018.10.20"]
[EventType "swiss"]
[EventCountry "GRE"]
[SourceTitle "playchess.com"]
[Source "ChessBase"]
[SourceQuality "1"]

{[%evp 14,39,57,49,65,45,73,70,125,150,200,190,312,289,291,312,408,391,491,495,487,483,479,454,556,572,559,535]} 1. e4 c5 2. Nc3 Nc6 3. Bb5 g6 4. Bxc6 dxc6 5. f4 Nf6 6. d3 Bg7 7. Nf3 O-O 8. O-O {LiveBook: 45 Games} Qc7 {B21: Sicilian: 2 f4 and Morra Gambit} (8... Bg4 9. Qe1 c4 10. e5 Ne8 11. dxc4 Bxf3 12. Rxf3 Qd4+ 13. Be3 Qxc4 14. b3 Qe6 15. Bf2 Nc7 16. Ne4 f6 17. exf6 exf6 {1-0 (79) Pridorozhni,A (2574)-Gogolev,A (2389) Sochi 2018}) 9. Qe1 b6 10. Qh4 Ba6 {[#]} (10... Bg4 $14) 11. f5 $1 $16 c4 $146 ({Predecessor:} 11... Rfe8 12. Bf4 Qb7 13. Bh6 Bh8 14. Ng5 e5 15. Rf3 c4 16. Raf1 cxd3 17. fxg6 fxg6 18. cxd3 Qe7 19. Nh3 Nh5 20. Qxe7 Rxe7 21. Rf8+ {1-0 (21) Van de Vaerd,M (1876)-Verhasselt,K (1833) Blankenberge 2014}) 12. d4 c5 (12... gxf5 {was called for.} 13. Bh6 (13. exf5 c5 $14) 13... Qd7) 13. e5 $18 cxd4 14. exf6 Bxf6 15. Nd5 Qc5 16. Nxf6+ {White is clearly winning.} exf6 17. Bh6 d3+ 18. Kh1 Qxf5 19. Nd4 Qe5 20. Rae1 {Precision: White = 100%, Black = 19%.} 1-0